<?xml version='1.0' encoding='UTF-8'?><?xml-stylesheet href='static/style.xsl' type='text/xsl'?><OAI-PMH xmlns="http://www.openarchives.org/OAI/2.0/" xmlns:xsi="http://www.w3.org/2001/XMLSchema-instance" xsi:schemaLocation="http://www.openarchives.org/OAI/2.0/ http://www.openarchives.org/OAI/2.0/OAI-PMH.xsd"><responseDate>2026-04-30T16:38:47Z</responseDate><request verb="GetRecord" identifier="oai:ebiltegia.mondragon.edu:20.500.11984/5553" metadataPrefix="marc">https://ebiltegia.mondragon.edu/oai/request</request><GetRecord><record><header><identifier>oai:ebiltegia.mondragon.edu:20.500.11984/5553</identifier><datestamp>2024-05-23T07:49:49Z</datestamp><setSpec>com_20.500.11984_473</setSpec><setSpec>col_20.500.11984_478</setSpec></header><metadata><record xmlns="http://www.loc.gov/MARC21/slim" xmlns:dcterms="http://purl.org/dc/terms/" xmlns:xsi="http://www.w3.org/2001/XMLSchema-instance" xmlns:doc="http://www.lyncode.com/xoai" xsi:schemaLocation="http://www.loc.gov/MARC21/slim http://www.loc.gov/standards/marcxml/schema/MARC21slim.xsd">
   <leader>00925njm 22002777a 4500</leader>
   <datafield ind2=" " ind1=" " tag="042">
      <subfield code="a">dc</subfield>
   </datafield>
   <datafield ind2=" " ind1=" " tag="720">
      <subfield code="a">Amorrortu, Itxaso</subfield>
      <subfield code="e">author</subfield>
   </datafield>
   <datafield ind2=" " ind1=" " tag="260">
      <subfield code="c">2015</subfield>
   </datafield>
   <datafield ind2=" " ind1=" " tag="520">
      <subfield code="a">The main aim of our work is to show how a student may get competences and skills through the development of real case studies. We implement this study in Operations Management courses of different Spanish universities. The methodology we purpose is based on learning projects, which permits that students actively generate knowledge through their experiences in real firms.&#xd;
As we show in our empirical analysis, the results are relevant: the fact that students have to solve a problem in a real firm makes them face questions that are difficult they challenge in theoretical sessions. Besides, the control of the professor is key so that the teams may rectify and the understanding of the course be reinforced.</subfield>
   </datafield>
   <datafield ind2=" " ind1=" " tag="520">
      <subfield code="a">El trabajo que aquí se presenta tiene como objetivo lograr que el alumno adquiera los conocimientos básicos de la Dirección de Operaciones, a la vez que desarrolle competencias necesarias para su incorporación en el mercado laboral y establezca un contacto real con la empresa. La base metodológica de la propuesta que aquí se presenta es la formación por proyectos como una metodología efectiva para lograr una educación basada en competencias, y que integra la adquisición de conocimientos con el desarrollo de habilidades y valores.&#xd;
Los modelos de aprendizaje basados en proyectos tienen su base científica en el proceso de generación de conocimiento, en el cual los estudiantes no son receptores pasivos de conocimiento, sino que construyen conocimiento sobre la base de lo que ellos realmente saben y han experimentado, lo que se consigue a través de la participación e interacción con otros. Los autores de este artículo muestran los resultados obtenidos en los últimos seis años a través de la experiencia en asignaturas de Operaciones.&#xd;
Tal y como se observa en los resultados, mediante la utilización de la metodología descrita el aprendizaje de los contenidos se resuelve de una manera exitosa. El plantearle al alumno que resuelva un problema en una empresa real de una manera semi-autónoma hace que éste se plantee cuestiones que con las clases magistrales no lo haría. Además, debido al seguimiento realizado a través de los hitos por el profesor, los equipos son capaces de corregir sus errores y el conocimiento de la materia se refuerza.</subfield>
   </datafield>
   <datafield ind1="8" ind2=" " tag="024">
      <subfield code="a">2173-478X</subfield>
   </datafield>
   <datafield ind1="8" ind2=" " tag="024">
      <subfield code="a">https://katalogoa.mondragon.edu/janium-bin/janium_login_opac.pl?find&amp;ficha_no=118026</subfield>
   </datafield>
   <datafield ind1="8" ind2=" " tag="024">
      <subfield code="a">https://hdl.handle.net/20.500.11984/5553</subfield>
   </datafield>
   <datafield tag="653" ind2=" " ind1=" ">
      <subfield code="a">dirección de operaciones</subfield>
   </datafield>
   <datafield tag="653" ind2=" " ind1=" ">
      <subfield code="a">casos reales</subfield>
   </datafield>
   <datafield tag="653" ind2=" " ind1=" ">
      <subfield code="a">aprendizaje basado en proyectos</subfield>
   </datafield>
   <datafield tag="653" ind2=" " ind1=" ">
      <subfield code="a">competencias</subfield>
   </datafield>
   <datafield tag="653" ind2=" " ind1=" ">
      <subfield code="a">habilidades</subfield>
   </datafield>
   <datafield tag="653" ind2=" " ind1=" ">
      <subfield code="a">operations management</subfield>
   </datafield>
   <datafield tag="653" ind2=" " ind1=" ">
      <subfield code="a">case studies</subfield>
   </datafield>
   <datafield tag="653" ind2=" " ind1=" ">
      <subfield code="a">learning based on projects</subfield>
   </datafield>
   <datafield tag="653" ind2=" " ind1=" ">
      <subfield code="a">skills</subfield>
   </datafield>
   <datafield tag="653" ind2=" " ind1=" ">
      <subfield code="a">abilities</subfield>
   </datafield>
   <datafield ind2="0" ind1="0" tag="245">
      <subfield code="a">Desarrollo de competencias y habilidades a través de proyectos basados en empresas reales : análisis en asignaturas de Dirección de Operaciones</subfield>
   </datafield>
   <datafield ind2="0" ind1="0" tag="245">
      <subfield code="a">Teaching Operations Management through real case studies: development of skills and competences</subfield>
   </datafield>
</record></metadata></record></GetRecord></OAI-PMH>